Predbehli globalizáciu

Obaly chránia kvalitu výrobku a umožňujú obchodovať s ním v krajinách celého sveta. Obal - súčasť výrobku. Balenie priemyselných výrobkov. Kvalitu treba chrániť. Podiel ceny obalu a balenia na celkovej cene výrobku. Obaly a životné prostredie. Obaly a ich vplyv na medzinárodný obchod.

Salvato in:
Dettagli Bibliografici
Autore principale: Kačeňák, Igor
Natura: Capitolo di libro
Lingua:slovacco
Soggetti:
Tags: Aggiungi Tag
Nessun Tag, puoi essere il primo ad aggiungerne!!

MARC

LEADER 00000naa$a2200000$$$4500
001 0005443
005 20240502071349.4
041 0 |a slo 
044 |a SK 
245 1 0 |a Predbehli globalizáciu  |c aut. Igor Kačeňák 
520 |a Obaly chránia kvalitu výrobku a umožňujú obchodovať s ním v krajinách celého sveta. Obal - súčasť výrobku. Balenie priemyselných výrobkov. Kvalitu treba chrániť. Podiel ceny obalu a balenia na celkovej cene výrobku. Obaly a životné prostredie. Obaly a ich vplyv na medzinárodný obchod. 
610 2 0 |a obaly 
610 2 0 |a kvalita výrobkov 
610 2 0 |a výrobky priemyselné 
610 2 0 |a balenie 
610 2 0 |a ceny 
610 2 0 |a prostredie životné 
610 2 0 |a obchod medzinárodný 
100 1 |a Kačeňák, Igor